000 00727nam a2200205 i 4500
001 161264
003 ES-MaACL
005 20240521095047.0
008 010724s1902 sp |||| | spa d
040 _aCCPB | B
_bspa
_cCCPB | B
100 1 _aPalacio Valdés, Armando,
_d1853-1938
_988382
245 1 3 _aLa espuma /
_cArmando Palacio Valdés.
260 _aMadrid :
_blibrería de Victoriano Suárez,
_c1902 (
_fhijos de M.G. Hernández)
300 _a456 p. ;
_c18 cm.
490 1 _aObras completas de Armando Palacio Valdés ;
_v7
800 _9236486
_aPalacio Valdés, Armando,
_d1853-1938.
_tObras ;
_v7
852 _aES-MaACL
_jB-4179
_xEncuadernación holandesa
942 _2udc
999 _c161264
_d161264